000 00707nam a2200181Ia 4500
008 090124s9999 xx 000 0 und d
082 _b37702
100 _aसाळवी दिलीप एम् .
245 _a विज्ञान व्यवसाय आणि संधी
250 _a1
260 _bग्रंथाली अभिनव प्रकाशन
_c2001
300 _a72
600 _aसाळवी दिलीप एम् .
630 _a विज्ञान व्यवसाय आणि संधी
700 _aसाळवी दिलीप एम् .
730 _a विज्ञान व्यवसाय आणि संधी
942 _cBOOK
999 _c103773
_d103773